|
|
|
|
| LEADER |
01645cas a2200241 a 4500 |
| 001 |
AALejournalIMF016995 |
| 008 |
230101c9999 xx r poo 0 0eng d |
| 020 |
|
|
|c 5.00 USD
|
| 020 |
|
|
|z 9781475575460
|
| 022 |
|
|
|a 1018-5941
|
| 040 |
|
|
|a BD-DhAAL
|c BD-DhAAL
|
| 100 |
1 |
|
|a Stotsky, Janet.
|
| 245 |
1 |
0 |
|a Gender Budgeting :
|b Fiscal Context and Current Outcomes /
|c Janet Stotsky.
|
| 264 |
|
1 |
|a Washington, D.C. :
|b International Monetary Fund,
|c 2016.
|
| 300 |
|
|
|a 1 online resource (51 pages)
|
| 490 |
1 |
|
|a IMF Working Papers
|
| 500 |
|
|
|a <strong>Off-Campus Access:</strong> No User ID or Password Required
|
| 500 |
|
|
|a <strong>On-Campus Access:</strong> No User ID or Password Required
|
| 506 |
|
|
|a Electronic access restricted to authorized BRAC University faculty, staff and students
|
| 520 |
3 |
|
|a Gender budgeting is an approach to budgeting that uses fiscal policy and administration to promote gender equality and girls and women's development. This paper posits that, properly designed, gender budgeting improves budgeting, and it places budgeting for this purpose in the context of sound budgeting principles and practices. The paper provides an overview of the policies and practices associated with gender budgeting as they have emerged across the world, as well as examples of the most prominent initiatives in every region of the world. Finally, it suggests what can be learned from these initiatives.
|
| 538 |
|
|
|a Mode of access: Internet
|
| 830 |
|
0 |
|a IMF Working Papers; Working Paper ;
|v No. 2016/149
|
| 856 |
4 |
0 |
|z Full text available on IMF
|u http://elibrary.imf.org/view/journals/001/2016/149/001.2016.issue-149-en.xml
|z IMF e-Library
|